| 000 | 00643nam a2200253Ia 4500 | ||
|---|---|---|---|
| 008 | 160803s9999 xx 000 0 und d | ||
| 020 | _a9780545238137 | ||
| 100 | _aGolson, Terry | ||
| 245 | _aTillie lays an egg / | ||
| 245 | _cTerry Golson ; with photography by Ben Fink. | ||
| 260 | _aNew York : | ||
| 260 | _bScholastic Inc. | ||
| 260 | _c2009 | ||
| 300 | _a[14] unnumbered pages : | ||
| 300 | _bcolor illustrations ; | ||
| 300 | _c21 x 26 cm | ||
| 650 | _aChickens -- | ||
| 650 | _aChickens -- | ||
| 650 | _aEggs -- | ||
| 650 | _xFiction. | ||
| 650 | _xFiction. | ||
| 650 | _xJuvenile fiction. | ||
| 700 | _a430 | ||
| 999 |
_c299310 _d299310 |
||